00474nam a2200121Ia 4500008004100000024005600041082002100097100007300118245008100191260002500272600002200297650003300319250506s9999 xx 000 0 und d a13B-036-EL, 13B-040-EL, 13B-061-EL & 13B-068-EL a621.38456072 ANW aAnwar Ul Hassan, Salman Shaikh, M. Daniyal Khan & M. Adil Ali Mallah 0aMonitoring and Controlling of Transformer and Transmission lines through GSM aKarachi:bUIT,c2013 aPower Engineering aBachelor of Engineering (BE)